ბათუმის შოთა რუსთაველის სახელმწიფო უნივერსიტეტის ბიბლიოთეკა

Проблема фальсификации цитрусовых соков и методы её обгнаружения (ბიბ.ჩანაწერი № 51607)

000 -LEADER
fixed length control field 01474nam a2200265Ia 4500
001 - CONTROL NUMBER
control field 18598
003 - CONTROL NUMBER IDENTIFIER
control field GE_BSU
008 - FIXED-LENGTH DATA ELEMENTS--GENERAL INFORMATION
fixed length control field 181216s||||||||xx |||||||||||||| ||und||
020 ## - INTERNATIONAL STANDARD BOOK NUMBER
International Standard Book Number 9783659957741
040 ## - CATALOGING SOURCE
Transcribing agency GE_BSU
080 ## - UNIVERSAL DECIMAL CLASSIFICATION NUMBER
Universal Decimal Classification number 663.813
100 ## - MAIN ENTRY--PERSONAL NAME
Personal name Нижарадзе, Етери
245 ## - TITLE STATEMENT
Title Проблема фальсификации цитрусовых соков и методы её обгнаружения
245 ## - TITLE STATEMENT
Remainder of title Монография как допальнительное учебное пособие,предазначана для студентов,магистрантов ВУЗов ,обучающих по специальности ,,алкоголные и безалкоголные напитки,,
260 ## - PUBLICATION, DISTRIBUTION, ETC.
Place of publication, distribution, etc. Москва
260 ## - PUBLICATION, DISTRIBUTION, ETC.
Name of publisher, distributor, etc. LAP LAMBERT Academic Publishing RU
260 ## - PUBLICATION, DISTRIBUTION, ETC.
Date of publication, distribution, etc. 2016
300 ## - PHYSICAL DESCRIPTION
Extent 73стр,таб,22см
653 ## - INDEX TERM--UNCONTROLLED
Uncontrolled term Монография посвящена актуальной проблеме фалсификации цитрусовых соков,
653 ## - INDEX TERM--UNCONTROLLED
Uncontrolled term Проблема фальсификации цитрусовых соков и методы её обгнаружения
653 ## - INDEX TERM--UNCONTROLLED
Uncontrolled term პრობლემა გაყალბების, ციტრუსების წვენები და მისი გამოვლენის მეთოდები
653 ## - INDEX TERM--UNCONTROLLED
Uncontrolled term სასმელების წარმოება.
942 ## - ADDED ENTRY ELEMENTS (KOHA)
Koha item type წიგნი
ეგზემპლარები
Withdrawn status Lost status Damaged status Not for loan Date acquired Barcode Date last seen Price effective from Koha item type Public note
        2018-12-17 48095 2018-12-17 2018-12-17 წიგნი  
        2018-12-17 48096 2018-12-17 2018-12-17 წიგნი  
        2018-12-17 48097 2018-12-17 2018-12-17 წიგნი  
        2018-12-17 48098 2018-12-17 2018-12-17 წიგნი  
        2018-12-17 48099 2018-12-17 2018-12-17 წიგნი  
        2018-12-17 48100 2018-12-17 2018-12-17 წიგნი  
        2018-12-17 48101 2018-12-17 2018-12-17 წიგნი  
        2018-12-17 48102 2018-12-17 2018-12-17 წიგნი  
        2018-12-17 48103 2018-12-17 2018-12-17 წიგნი  
        2018-12-17 48104 2018-12-17 2018-12-17 წიგნი  
        2018-12-17 48105 2018-12-17 2018-12-17 წიგნი  
        2018-12-17 48106 2018-12-17 2018-12-17 წიგნი  
        2018-12-17 48107 2018-12-17 2018-12-17 წიგნი  
        2018-12-17 48108 2018-12-17 2018-12-17 წიგნი  
        2018-12-17 48109 2018-12-17 2018-12-17 წიგნი  
        2018-12-17 48110 2018-12-17 2018-12-17 წიგნი  
        2018-12-17 48111 2018-12-17 2018-12-17 წიგნი  
        2018-12-17 48112 2018-12-17 2018-12-17 წიგნი  
        2018-12-17 48113 2018-12-17 2018-12-17 წიგნი ბსუს-ბიბლიოთეკა
        2018-12-17 48114 2018-12-17 2018-12-17 წიგნი ბსუს-ბიბლიოთეკა